Spin dynamics in confined magnetic structures I /

This book covers the main aspects of dynamic phenomena in confined magnetic structures so that researchers can find a comprehensive compilation of the current status in the field. Introductory chapters help newcomers to understand the basic concepts, and the more advanced chapters give the current s...

Full description

Bibliographic Details
Corporate Author: SpringerLink (Online service)
Other Authors: Hillebrands, Burkard, 1957- (Editor), Ounadjela, Kamel, 1953- (Editor)
Format: eBook
Language:English
Published: Berlin : Springer, [2002]
Series:Topics in applied physics ; v. 83.
Subjects:
Online Access:Connect to the full text of this electronic book

MARC

Tag First Indicator Second Indicator Subfields
LEADER 00000cam a2200000Ki 4500
001 in00003543113
006 m o d
007 cr cnu---unuuu
008 131111s2002 gw a ob 001 0 eng d
005 20260422230154.0
020 |a 9783540409076  |q (electronic bk.) 
020 |a 3540409076  |q (electronic bk.) 
020 |z 9783540411918 
020 |z 3540411917 
024 7 |a 10.1007/3-540-40907-6  |2 doi 
035 |a (OCoLC)862743125 
040 |a GW5XE  |b eng  |e rda  |e pn  |c GW5XE  |d OCLCO  |d OCLCQ  |d OCLCO  |d UtOrBLW 
049 |a TXAM 
050 4 |a QC754.2.M336  |b S65 2002eb 
082 0 4 |a 538/.3  |2 22 
245 0 0 |a Spin dynamics in confined magnetic structures I /  |c Burkard Hillebrands, Kamel Ounadjela, eds. 
264 1 |a Berlin :  |b Springer,  |c [2002] 
264 4 |c ©2002 
300 |a 1 online resource (xvi, 336 pages) :  |b illustrations (some color). 
336 |a text  |b txt  |2 rdacontent 
337 |a computer  |b c  |2 rdamedia 
338 |a online resource  |b cr  |2 rdacarrier 
490 1 |a Topics in applied physics,  |x 0303-4216 ;  |v volume 83 
505 0 0 |t Introduction to micromagnetics in the dynamic regime /  |r J. Miltat, G. Albuquerque, & A. Thiaville --  |t Nonlinear spinwaves in one- and two-dimensional magnetic waveguides /  |r A.N. Slavin, S.O. Demokritov, & B. Hillebrands --  |t Spinwaves in laterally confined magnetic structures /  |r S.O. Demokritov & B. Hillebrands --  |t Stroboscopic microscopy of magnetic dynamics /  |r M.R. Freeman & W.K. Hiebert --  |t Dynamics of magnetization reversal: from continuous to patterned ferromagnetic films /  |r J. Ferré --  |t Small amplitude dynamics of nonhomogeneous magnetization distributions: the excitation spectrum of stripe domains /  |r U. Ebels [and others] --  |t Frequency domain magnetic measurements from kilohertz to gigahertz /  |r J.F. Gregg --  |t Laser-induced ultrafast demagnetization: femtomagnetism, a new frontier? /  |r G. Zhang [and others] -- Micromagnetics of magnetoresistive random access memory /  |r J.-G. Zhu & Y. Zheng. 
504 |a Includes bibliographical references and index. 
588 0 |a Print version record. 
520 |a This book covers the main aspects of dynamic phenomena in confined magnetic structures so that researchers can find a comprehensive compilation of the current status in the field. Introductory chapters help newcomers to understand the basic concepts, and the more advanced chapters give the current state of the art for most spin dynamic issues in the milliseconds to femtoseconds range. Emphasis is placed on both the discussion of the experimental techniques and on the theoretical work. The comprehensive presentation of these developments makes this volume very timely and valuable for every researcher working in the field of magnetism. It describes the new experimental techniques which have advanced this field very rapidly. Among the techniques covered, particular attention is given to those involving high temporal and spatial resolutions, down to the femtosecond and submicrometer regime, as well as to techniques involving magnetic field pulses with very short rise times and durations, and new detection schemes. 
650 0 |a Magnetic structure. 
650 0 |a Nuclear spin. 
650 7 |a Magnetic structure.  |2 fast  |0 (OCoLC)fst01005800 
650 7 |a Nuclear spin.  |2 fast  |0 (OCoLC)fst01040897 
650 7 |a Física.  |2 larpcal 
655 7 |a Electronic books.  |2 local 
700 1 |a Hillebrands, Burkard,  |d 1957-  |e editor. 
700 1 |a Ounadjela, Kamel,  |d 1953-  |e editor. 
710 2 |a SpringerLink (Online service) 
776 1 8 |i Print version:  |t Spin dynamics in confined magnetic structures I.  |z 3540411917  |w (DLC) 2001043449  |w (OCoLC)47805067 
830 0 |a Topics in applied physics ;  |v v. 83. 
856 4 0 |u http://proxy.library.tamu.edu/login?url=https://link.springer.com/10.1007/3-540-40907-6  |z Connect to the full text of this electronic book  |t 0 
994 |a 92  |b TXA 
999 |a MARS 
999 f f |s 9ea84b9b-9dc6-3e7f-98f8-0aeaa2d257ae  |i d9661452-07c0-37a0-bddd-677b11f32754  |t 0 
952 f f |a Texas A&M University  |b College Station  |c Electronic Resources  |s www_evans  |d Available Online  |t 0  |e QC754.2.M336 S65 2002eb  |h Library of Congress classification 
998 f f |a QC754.2.M336 S65 2002eb  |t 0  |l Available Online